000 01420cam a22003737a 4500
003 CHAP
005 20220817041315.0
008 971013s1980 r 00010 d
010 _a10925
011 _a11897
035 _a11676
040 _cCHAP
082 0 4 _a300.18
_bT4 1980
100 0 0 _aTecla Jiménez, Alfredo.
245 1 0 _aMetodología en las ciencias sociales
_b: sobre el método marxista
250 _a3 ed.
260 _aMéxico :
_bTaller Abierto,
_c1980
300 _av.
490 0 _aColección Ciencias Sociales
505 0 _aContenido : v.1 Diseño de investigación, marco teórico -- v.2 Diseño de investigación, problema e hipótesis
590 _aBATCH-UPD
_b10
_c20130110
_lUCH01
_h1716
590 _aBATCH-UPD
_b10
_c20130410
_lUCH01
_h1100
590 _aBATCH-UPD
_b10
_c20130914
_lUCH01
_h0937
590 _aCONVERSION
_b10
_c20130109
_lUCH01
_h1307
650 1 4 _aCiencias sociales
_xMetodología.
_923230
650 1 4 _aMarxismo.
_972728
830 0 _aColección Ciencias Sociales
_924749
901 _aBK
942 _cLIBRO
949 _a300.18 T4 1980
_bBC
_cLIBRO
_d33724000226619
_eLIBRO
_fv.1
_h57220
_i11676
_si
949 _a300.18 T4 1980
_bBC
_cLIBRO
_d33724000596383
_eLIBRO
_fv.2 c.2
_h93358
_i11676
_si
_t30.00
949 _a300.18 T4 1980
_bBC
_cLIBRO
_d33724000596391
_eLIBRO
_fv.1 c.2
_h93355
_i11676
_si
_t30.00
949 _a300.18 T4 1980
_bBC
_cLIBRO
_d33724002020678
_eLIBRO
_fv.2
_i11676
_si
999 _c10925
_d10925